00555nam a22001817a 450000500170000001000150001702000260003203500140005803700090007208200110008110000190009224500360011125000060014726000540015327000650020730000190027250000820029120250912152134.0 aENG-142962 a9789355017468c650.00 aEN-126494 bDBAD a00021 aAggarwal, R.S. aSSC Mathematics/bR.S. Aggarwal a1 aUttar PradeshbS Chand and Company Limited c2025 aD-92, Sector-2, NoidabUttar Pradeshe201301k91-120-4682700 avpp.c24cm(pb) a6500+ TCS MCQs For SSC CGL, CHSL, GD, CPO Exam, MTS, Stenographer Exams 2025